Democracia, participación ciudadana y educación /
Сохранить в:
| Главный автор: | |
|---|---|
| Формат: | Текст |
| Метки: |
Добавить метку
Нет меток, Требуется 1-ая метка записи!
|
MARC
| LEADER | 00000 a a2200000 04500 | ||
|---|---|---|---|
| 001 | 4337 | ||
| 003 | |||
| 040 | |||
| 100 | |a Fiallos Oyanguren, Mariano | ||
| 245 | |a Democracia, participación ciudadana y educación / |c Mariano Fiallos Oyanguren | ||
| 773 | |g número 44; páginas 15-35 | ||
| 999 | |c 25541 |d 25541 | ||
